Uthara Ramayan (Record no. 61645)

MARC details
000 -LEADER
fixed length control field 00320nam a2200133Ia 4500
008 - FIXED-LENGTH DATA ELEMENTS--GENERAL INFORMATION
fixed length control field 211109s9999||||xx |||||||||||||| ||und||
082 ## - DEWEY DECIMAL CLASSIFICATION NUMBER
Item number ANA-U
100 ## - MAIN ENTRY--PERSONAL NAME
Personal name Anandh Swaroop,
245 #0 - TITLE STATEMENT
Title Uthara Ramayan
260 ## - PUBLICATION, DISTRIBUTION, ETC.
Name of publisher, distributor, etc. Motilal Banarsidass
Place of publication, distribution, etc. Delhi
Date of publication, distribution, etc. 1973
630 ## - SUBJECT ADDED ENTRY--UNIFORM TITLE
General subdivision General Stack
942 ## - ADDED ENTRY ELEMENTS (KOHA)
Koha item type BOOK
650 ## - SUBJECT ADDED ENTRY--TOPICAL TERM
Form subdivision Generalia
Holdings
Withdrawn status Lost status Damaged status Not for loan Home library Current library Date acquired Total Checkouts Full call number Barcode Shelving location Date last seen Price effective from Koha item type
        SB LIBRARY SB LIBRARY 09/11/2021   ANA-U 00045144 GENERAL STACK 09/11/2021 09/11/2021 BOOK

Powered by Koha